000
00263nam a2200109Ia 4500
008
190802s9999 xx 000 0 und d
100
_a
Muhammad Shafiq Aathir
245
0
_a
Pehla Din
260
_a
Karachi
_b
Muhammad Aata Baig
_c
2009
300
_a
128:p
942
_c
BK
999
_c
2475
_d
2475